[Event "Oberliga Ost A"]
[Site "?"]
[Date "2023.02.26"]
[Round "9.7"]
[White "Schoene, Maria"]
[Black "Ellemann, Stefan"]
[Result "1-0"]
[WhiteElo "2185"]
[BlackElo "2027"]
[PlyCount "79"]
[EventDate "2022.09.18"]
[EventType "team-tourn"]
[EventCountry "GER"]
[WhiteTeam "Sangerhausen SV"]
[BlackTeam "Magdeburg SG Aufbau Elbe"]
[WhiteTeamCountry "GER"]
[BlackTeamCountry "GER"]

1. e4 c6 2. d4 d5 3. exd5 cxd5 4. c4 Nf6 5. Nc3 Nc6 6. Bg5 dxc4 7. d5 Ne5 8. Qd4 h6 9. Bf4 Ng6 10. Bxc4 Nxf4 11. Qxf4 a6 12. a4 Qb6 13. Nge2 g5 14. Qd2 Bg7 15. Ng3 h5 16. O-O h4 17. Nge4 Ng4 18. d6 exd6 19. Nxd6+ Kf8 20. Ba2 h3 21. Nxc8 Rxc8 22. Qd7 Qc7 23. Qxg4 hxg2 24. Qxg2 Be5 25. f4 gxf4 26. Qf3 Qb6+ 27. Rf2 Bd4 28. Raf1 Re8 29. Bxf7 Bxf2+ 30. Rxf2 Re1+ 31. Kg2 Qh6 32. Bh5 Qxh5 33. Qxf4+ Ke7 34. Qc7+ Ke8 35. Qc8+ Ke7 36. Qxb7+ Ke8 37. Qc6+ Kd8 38. Rd2+ Ke7 39. Rd7+ Kf8 40. Qf6+ 1-0

[Event "Oberliga Ost A"]
[Site "?"]
[Date "2023.02.26"]
[Round "9.8"]
[White "Sieber, Martin"]
[Black "Wagner, Benjamin"]
[Result "1-0"]
[WhiteElo "1943"]
[BlackElo "2123"]
[PlyCount "55"]
[EventDate "2022.09.18"]
[EventType "team-tourn"]
[EventCountry "GER"]
[WhiteTeam "Magdeburg SG Aufbau Elbe"]
[BlackTeam "Sangerhausen SV"]
[WhiteTeamCountry "GER"]
[BlackTeamCountry "GER"]

1. d4 Nf6 2. Nf3 d5 3. c4 e6 4. g3 Bb4+ 5. Bd2 Bd6 6. Bg2 O-O 7. Qc2 c6 8. O-O Nbd7 9. Nc3 dxc4 10. e4 Be7 11. a4 c5 12. d5 exd5 13. e5 Ne8 14. Nxd5 Nb6 15. Nxe7+ Qxe7 16. a5 Nd7 17. Ng5 g6 18. f4 Ng7 19. Qxc4 b5 20. Qxb5 Rb8 21. Qc4 Rxb2 22. Bc3 Rxg2+ 23. Kxg2 Nb8 24. Ne4 Ba6 25. Qxc5 Bxf1+ 26. Kxf1 Qb7 27. Nf6+ Kh8 28. Qxf8# 1-0